| 000 | 00998nam a22002777a 4500 | ||
|---|---|---|---|
| 001 | 03744 | ||
| 003 | HDC | ||
| 007 | cr bn ---aaaaa | ||
| 008 | 210111t2000 flu||||| |||| 00| 0 eng | ||
| 020 | _a1-56670-222-4 | ||
| 040 | _aHDC | ||
| 100 |
_aRitter, William F. _eauthor _93408 |
||
| 245 | 0 |
_aAgricultural nonpoint source pollution : watershed management and hydrology. Chapter 5 : _bPesticides and Water Quality Impacts / by _cWilliam F. Ritter |
|
| 260 |
_a Boca Raton, Florida: _bCRC Press, _c2000 |
||
| 300 | _a23 pages | ||
| 336 |
_atext _2rdacontent |
||
| 337 |
_acomputer _2rdamedia |
||
| 338 |
_aonline resource _2rdacarrier |
||
| 650 |
_aPesticides _93062 |
||
| 650 |
_aTechnology & Engineering _93409 |
||
| 650 |
_aWater Quality Impacts _93498 |
||
| 856 | _zRequest full-text at [email protected] | ||
| 942 | _2lcc | ||
| 942 | _cCHAP | ||
| 942 | _kEBCH 001678 | ||
| 999 |
_c1080 _d1080 |
||